|
|
|
|
| LEADER |
00000nam0a2200000 4500 |
| 001 |
244649 |
| 005 |
20260331140328.0 |
| 010 |
|
|
|b 4000 экз.
|
| 035 |
|
|
|a (RuTPU)RU\TPU\book\266038
|
| 090 |
|
|
|a 244649
|
| 100 |
|
|
|a 20131024d1934 m y0rusy50 ca
|
| 101 |
1 |
|
|a rus
|c ger
|
| 102 |
|
|
|a RU
|
| 105 |
|
|
|a a z 000yy
|
| 200 |
1 |
|
|a Основные проблемы геологии
|f С. Бубнов
|g пер. с нем. И. К. Дыбовской ; под ред. проф. Е. В. Милановского
|
| 210 |
|
|
|a Ленинград
|c Госгоргеолнефтеиздат
|d 1934
|
| 215 |
|
|
|a 183 с.
|c ил.
|
| 317 |
|
|
|5 63413507: 180749
|a Поступила в НТБ в 1940 г. составе книжного собрания академика М. А. Усова.
|
| 606 |
|
|
|a Геология
|9 34054
|
| 610 |
1 |
|
|a документальные источники
|
| 610 |
1 |
|
|a геологическое время
|
| 610 |
1 |
|
|a систематика
|
| 610 |
1 |
|
|a геологические методы
|
| 610 |
1 |
|
|a библиотека М. А. Усова
|
| 675 |
|
|
|a 55
|v 3
|
| 700 |
|
1 |
|a Бубнов
|b С.
|
| 702 |
|
1 |
|a Дыбовская
|b И. К.
|4 730
|
| 702 |
|
1 |
|a Милановский
|b Е. В.
|c российский геолог
|f 1892-1940
|g Евгений Владимирович
|3 (RuTPU)RU\TPU\pers\11491
|4 340
|9 2685
|
| 801 |
|
1 |
|a RU
|b 63413507
|c 20131024
|
| 942 |
|
|
|c BK
|